书目信息 |
| 题名: |
电子文件管理教程
|
|
| 作者: | 冯惠玲 , 刘越男 主编 | |
| 分册: | ||
| 出版信息: | 北京 中国人民大学出版社 2022.6 |
|
| 页数: | 431页 | |
| 开本: | 26cm | |
| 丛书名: | 新编21世纪档案学系列教材 | |
| 单 册: | ||
| 中图分类: | G275.6 , G276 | |
| 科图分类: | ||
| 主题词: | 特种档案--te zhong dang an--档案管理--高等学校--教材 | |
| 电子资源: | ||
| ISBN: | 978-7-300-24599-7 | |
| 000 | 01829nam 2200337 45 | |
| 001 | 012001000436 | |
| 005 | 20221207155347.58 | |
| 010 | @a978-7-300-24599-7@dCNY69.00 | |
| 099 | @aCAL 012017125123 | |
| 100 | @a20220905d2017 em y0chiy50 ea | |
| 101 | 0 | @achi |
| 102 | @aCN@b110000 | |
| 105 | @aa a 000yy | |
| 106 | @ar | |
| 200 | 1 | @a电子文件管理教程@Adian zi wen jian guan li jiao cheng@d= A course in electronic records management@f冯惠玲, 刘越男等著@zeng |
| 205 | @a第2版 | |
| 210 | @a北京@c中国人民大学出版社@d2022.6 | |
| 215 | @a431页@c图@d26cm | |
| 225 | 2 | @a新编21世纪档案学系列教材@Axin bian 21 shi ji dang an xue xi lie jiao cai |
| 300 | @a普通高等教育“十一五”国家级规划教材 | |
| 320 | @a有书目 | |
| 330 | @a本书内容:作者们历经16年的跟踪研究,广泛调研、深入分析国内外电子文件管理理论和实践的持续发展、最新进展和最有影响力的成果,以文件管理的数字转型为基本导向,以组织机构内公务文件管理为主要对象,按照概述、业务、系统和技术三大部分,结合80个图表、49个资源链接和59个案例,阐述了电子文件的基本概念和本质特点、电子文件管理的基本原理,形成、捕获、归档、分类、鉴定、检索、利用、保存等业务环节的管理方法,电子文件系统、元数据、安全管理等相关系统和技术的应用,涉及办公文件、电子邮件、网站文件、CAD文件、数据库文件等多种类型,覆盖观念、体制、政策、标准、业务、系统、技术等多个方面,揭示了数字环境下文件管理方法从以载体为中心走向了以系统为中心,文件管理流程从线性走向非线性的发展脉络。 | |
| 410 | 0 | @12001 @a新编21世纪档案学系列教材 |
| 510 | 1 | @aCourse in electronic records management@zeng |
| 606 | 0 | @a特种档案@Ate zhong dang an@x档案管理@x高等学校@j教材 |
| 690 | @aG275.6@v5 | |
| 690 | @aG276@v4 | |
| 701 | 0 | @a冯惠玲@AFeng Huiling@4主编@3CAL n2004026954#@7jt0yjt0y@7ec0yec0y |
| 701 | 0 | @a刘越男@Aliu yue nan@4著 |
| 801 | 0 | @aCN@bAHXH@c20221111 |
| 905 | @b1369334-6@dG275.6@e252=2@f3 | |
| 电子文件管理教程= A course in electronic records management/冯惠玲, 刘越男等著.-第2版.-北京:中国人民大学出版社,2022.6 |
| 431页:图;26cm.-(新编21世纪档案学系列教材) |
| 普通高等教育“十一五”国家级规划教材 |
| ISBN 978-7-300-24599-7:CNY69.00 |
| 本书内容:作者们历经16年的跟踪研究,广泛调研、深入分析国内外电子文件管理理论和实践的持续发展、最新进展和最有影响力的成果,以文件管理的数字转型为基本导向,以组织机构内公务文件管理为主要对象,按照概述、业务、系统和技术三大部分,结合80个图表、49个资源链接和59个案例,阐述了电子文件的基本概念和本质特点、电子文件管理的基本原理,形成、捕获、归档、分类、鉴定、检索、利用、保存等业务环节的管理方法,电子文件系统、元数据、安全管理等相关系统和技术的应用,涉及办公文件、电子邮件、网站文件、CAD文件、数据库文件等多种类型,覆盖观念、体制、政策、标准、业务、系统、技术等多个方面,揭示了数字环境下文件管理方法从以载体为中心走向了以系统为中心,文件管理流程从线性走向非线性的发展脉络。 |
| ● |
| 相关链接 |
|
|
|
|
正题名:电子文件管理教程
索取号:G275.6/252=2
 
预约/预借
| 序号 | 登录号 | 条形码 | 馆藏地/架位号 | 状态 | 备注 |
| 1 | 1369334 | 213693341 | 第一样本阅览室/ [索取号:G275.6/252=2] | 在馆 | |
| 2 | 1369335 | 213693350 | 第四借阅区/ [索取号:G275.6/252=2] | 在馆 | |
| 3 | 1369336 | 213693369 | 第四借阅区/ [索取号:G275.6/252=2] | 在馆 |